Gaming Quiz

Random Gaming or Automobiles Quiz

Split Second Cars (game) Quiz Stats

 Plays Quiz not verified by Sporcle

Score 0/27 Timer 10:00
0 Plays Today
% Correct
GT
87.5%
GT500
70.8%
Iridium
62.5%
Firestorm
62.5%
Goliath
62.5%
455 GT
58.3%
Slipstream
58.3%
Thunder
58.3%
Coyote
58.3%
GT12
58.3%
Nero GT400
54.2%
Vortex
54.2%
530 GTS
54.2%
Indus V8R
54.2%
% Correct
Bayonet R
54.2%
FX350
54.2%
Brawler
54.2%
S510
54.2%
Cascade
50%
Mohawk
50%
Bandit
50%
GT RS
45.8%
Pursuit
45.8%
Tornado
45.8%
Titan
45.8%
440 Special
41.7%
Cyclone RS
37.5%

You're not logged in!

Compare scores with friends on all Sporcle quizzes.
OR
Log In

Show Comments

Extras

Top Quizzes Today


Score Distribution

Your Account Isn't Verified!

In order to create a playlist on Sporcle, you need to verify the email address you used during registration. Go to your Sporcle Settings to finish the process.

Report this User

Report this user for behavior that violates our Community Guidelines.

Details: